[Event "AUTO-OPEN-3178"]
[Site "http://www.queenalice.com/game.php?id=1252812"]
[Date "2014.1.31"]
[Round "1"]
[White "stamm"]
[Black "felipesouza"]
[Result "0-1"]
[WhiteElo "1901"]
[BlackElo "2203"]

1. e4 e5 2. Nf3 Nf6 3. d3 Nc6 4. a3 d5 5. Bg5 dxe4 6. Bxf6 Qxf6 7. dxe4 Bd7 8.
Nc3 O-O-O 9. Nd5 Qg6 10. Qd3 f5 11. g3 fxe4 12. Nxe5 Nxe5 13. Qc3 Nf3+ 14. Kd1
Bc6 0-1

[Event "AUTO-OPEN-3178"]
[Site "http://www.queenalice.com/game.php?id=1252813"]
[Date "2014.1.31"]
[Round "1"]
[White "felipesouza"]
[Black "stamm"]
[Result "1-0"]
[WhiteElo "2269"]
[BlackElo "1968"]

1. d4 e6 2. Nf3 h6 3. c4 c5 4. e3 Nc6 5. Nc3 Nf6 6. Bd3 d5 7. O-O Be7 8. b3 cxd4
9. exd4 O-O 10. Re1 a6 11. Bb2 Bb4 12. a3 Bxc3 13. Bxc3 b5 14. cxb5 axb5 15.
Bxb5 Bb7 16. Rc1 Re8 17. Ne5 Rc8 18. a4 Nd7 19. Nxc6 Bxc6 20. Bxc6 Rxc6 21. Bd2
Ra6 22. Qg4 Qf6 23. Re3 g6 24. Rc7 Qd8 25. Rec3 h5 26. Qf4 Nf6 27. Qh6 Ng4 28.
Qf4 Qf6 29. Qxf6 Nxf6 30. f3 Kg7 31. R3c6 Raa8 32. a5 Reb8 33. b4 Ne8 34. Rd7
Kf8 35. a6 Nf6 36. Rb7 Ke8 37. Rxb8+ Rxb8 38. b5 Rxb5 39. a7 Rb1+ 40. Rc1 1-0

[Event "AUTO-OPEN-3201"]
[Site "http://www.queenalice.com/game.php?id=1261132"]
[Date "2014.3.1"]
[Round "1"]
[White "acid"]
[Black "stamm"]
[Result "1-0"]
[WhiteElo "1696"]
[BlackElo "1968"]

1. f4 e5 2. fxe5 Qh4+ 3. g3 Qe4 4. Nf3 Nc6 5. Nc3 Qf5 6. e4 Qe6 7. d4 Qe7 8. Bg5
f6 9. Nd5 Qd8 10. Nh4 fxg5 11. Qh5+ g6 12. Nxg6 Bb4+ 13. Nxb4 hxg6 14. Qxg6+ Kf8
15. Bc4 Qe7 16. Rf1+ 1-0

[Event "AUTO-OPEN-3201"]
[Site "http://www.queenalice.com/game.php?id=1261133"]
[Date "2014.3.1"]
[Round "1"]
[White "stamm"]
[Black "acid"]
[Result "0-1"]
[WhiteElo "1968"]
[BlackElo "2046"]

1. e4 c5 2. Nf3 Nc6 3. Bb5 e5 4. Bxc6 dxc6 5. O-O Bd6 6. h3 Ne7 7. d3 O-O 8. c4
Ng6 9. Nc3 f6 10. a3 Be6 11. Be3 a5 12. a4 b6 13. b3 Bc7 14. Nh2 Qe7 15. f3 Rad8
16. Bf2 Nf4 17. Qc2 Rxd3 18. Rad1 Rxc3 19. Qb2 Rd8 20. Bg3 Rcd3 21. Rxd3 Rxd3
22. Bxf4 exf4 23. Qc2 Qd6 24. Rf2 Qd4 25. Nf1 Be5 0-1

[Event "AUTO-OPEN-3201"]
[Site "http://www.queenalice.com/game.php?id=1261160"]
[Date "2014.3.1"]
[Round "1"]
[White "junipero"]
[Black "stamm"]
[Result "1-0"]
[WhiteElo "2090"]
[BlackElo "1912"]

1. d4 e6 2. c4 d5 3. Nc3 Bb4 4. cxd5 Bxc3+ 5. bxc3 Qxd5 6. e3 Nc6 7. c4 Qd7 8.
Nf3 Nf6 9. g3 O-O 10. Bg2 Rd8 11. O-O h6 12. Bb2 Qe7 13. a3 Na5 14. c5 Nc6 15.
Nd2 Bd7 16. Bc3 a5 17. Qb3 Rdb8 18. Rfb1 a4 19. Qc2 b5 20. cxb6 cxb6 21. Bb2 b5
22. Bxc6 Rc8 23. Rc1 Rxc6 24. Qd1 Rac8 25. Nf3 Rxc1 26. Rxc1 Qd6 27. Ne5 Qd5 28.
Rxc8+ Bxc8 29. Qc2 Bb7 30. f3 Qd6 31. Qc5 Qa6 32. Qe7 Qa8 33. Qxf7+ Kh7 34. Qg6+
Kg8 35. e4 Qc8 36. d5 exd5 37. Nf7 Qc5+ 38. Kf1 Qc4+ 39. Ke1 d4 40. Nxh6+ Kf8
41. Nf5 Ne8 42. Nxd4 Bc8 43. Nf5 Bxf5 44. Qxf5+ Kg8 45. Qd5+ Qxd5 46. exd5 Kf7
47. Ke2 g6 48. Ke3 Ke7 49. Be5 Kd7 50. Kd3 Nd6 51. Bc3 Nb7 52. Bb4 Nd8 53. Kd4
Nb7 54. Ke5 1-0

[Event "AUTO-OPEN-3201"]
[Site "http://www.queenalice.com/game.php?id=1261161"]
[Date "2014.3.1"]
[Round "1"]
[White "stamm"]
[Black "junipero"]
[Result "0-1"]
[WhiteElo "1927"]
[BlackElo "2007"]

1. e4 c5 2. Nf3 Nc6 3. Bb5 d6 4. Bxc6+ bxc6 5. c4 e6 6. d3 d5 7. Nc3 Bb7 8. Ne5
Nf6 9. O-O Be7 10. Bg5 O-O 11. Bxf6 Bxf6 12. Nf3 Bxc3 13. bxc3 dxe4 14. dxe4 Ba6
15. Qe2 Qa5 16. Rfc1 Qa4 17. Nd2 Rab8 18. Qe3 Bxc4 19. Qxc5 Ba6 20. a3 Rb2 21.
Qe3 Rc2 22. Rd1 Bb5 23. f3 Rd8 24. h3 h6 25. e5 Rd3 26. Qf2 Rcxc3 27. Ne4 Rxa3
28. Qe1 Qd4+ 29. Kh2 Qxe5+ 30. Kh1 Rxd1 31. Rxd1 Rd3 32. Ra1 a6 33. Rc1 f5 34.
Nf2 Qxe1+ 35. Rxe1 Rd6 36. g4 a5 37. gxf5 exf5 38. Nd1 a4 39. Ne3 f4 40. Nf5 Rd7
41. Re4 a3 42. Re8+ Kf7 43. Ra8 Kg6 44. Nh4+ Kg5 45. Ng2 Rd3 46. h4+ Kf6 47.
Nxf4 Rxf3 48. Ng2 Bc4 49. Rf8+ Bf7 50. Kg1 a2 51. Ra8 Rc3 0-1

[Event "AUTO-OPEN-3201"]
[Site "http://www.queenalice.com/game.php?id=1261180"]
[Date "2014.3.1"]
[Round "1"]
[White "stamm"]
[Black "hjs"]
[Result "0-1"]
[WhiteElo "1914"]
[BlackElo "2466"]

1. e4 e6 2. Nf3 d5 3. Qe2 dxe4 4. Qxe4 Nf6 5. Qa4+ Bd7 6. Bb5 Nc6 7. d4 a6 8.
Bxc6 Bxc6 9. Qc4 Bd6 10. c3 Bxf3 11. gxf3 O-O 12. Be3 Nd5 13. Nd2 f5 14. Nb3 Qh4
15. O-O-O f4 16. Bd2 Qxf2 17. Qd3 Ne3 18. Bxe3 fxe3 19. Rdf1 Qg2 20. Qe4 Rae8
21. h4 Bg3 22. Rhg1 Qh3 23. Rh1 Qf5 24. Kd1 Qb5 25. Qxe3 e5 26. Kc2 exd4 27.
Qxd4 Qf5+ 28. Kc1 Bf4+ 29. Nd2 b5 30. Qf2 Qd3 31. Rd1 Re2 32. Qf1 Bxd2+ 33. Rxd2
Qxd2+ 0-1

[Event "AUTO-OPEN-3201"]
[Site "http://www.queenalice.com/game.php?id=1261181"]
[Date "2014.3.1"]
[Round "1"]
[White "hjs"]
[Black "stamm"]
[Result "1-0"]
[WhiteElo "2524"]
[BlackElo "1955"]

1. c4 d5 2. d4 c5 3. cxd5 Qxd5 4. Nf3 c4 5. Nc3 Qd7 6. e4 b5 7. a4 Ba6 8. Ne5
Qb7 9. axb5 Bxb5 10. Nxb5 Qxb5 11. Bxc4 Qb4+ 12. Bd2 Qb6 13. Qa4+ 1-0

[Event "AUTO-OPEN-3208"]
[Site "http://www.queenalice.com/game.php?id=1263677"]
[Date "2014.3.9"]
[Round "1"]
[White "clovis"]
[Black "stamm"]
[Result "0-1"]
[WhiteElo "1989"]
[BlackElo "1933"]

1. e4 e5 2. Bc4 Nf6 3. Nc3 c6 4. Nf3 d5 5. exd5 cxd5 6. Bb5+ Bd7 7. Nxe5 Bxb5 8.
Nxb5 a6 9. Qe2 Be7 10. Nc3 Nc6 11. d4 Nxd4 12. Qd3 Nc6 13. Nxc6 bxc6 14. O-O h6
15. Re1 Qd6 16. b3 O-O 17. a4 Rfe8 18. Ba3 Qd7 19. Bxe7 Rxe7 20. Rxe7 Qxe7 21.
Kf1 Qd6 22. Re1 Qxh2 23. Qg3 Qh1+ 0-1

[Event "AUTO-OPEN-3208"]
[Site "http://www.queenalice.com/game.php?id=1263678"]
[Date "2014.3.9"]
[Round "1"]
[White "stamm"]
[Black "clovis"]
[Result "0-1"]
[WhiteElo "1944"]
[BlackElo "1912"]

1. e4 e5 2. Nf3 Nc6 3. Bb5 f5 4. Bxc6 dxc6 5. Nxe5 Qd4 6. Nf3 Qxe4+ 7. Kf1 Nf6
8. d3 Qg4 9. h3 Qh5 10. Kg1 Bd6 11. Qe2+ Kf7 12. Ng5+ Kg6 13. Qxh5+ Nxh5 14. Nf3
Bd7 15. g3 Rhe8 16. a3 c5 17. Kg2 Bc6 18. Nc3 Re7 19. Bd2 Be5 20. Rae1 Rd8 21.
h4 c4 22. Bg5 Nf6 23. Re3 cxd3 24. cxd3 h6 25. Bxf6 Bxf6 26. Rd1 Kf7 27. Rd2 g5
28. Rxe7+ Bxe7 29. hxg5 hxg5 30. d4 g4 31. d5 gxf3+ 32. Kxf3 Bf6 33. Ke3 Bxc3
34. bxc3 Rxd5 35. Rxd5 Bxd5 36. Kd4 Ke6 37. c4 Be4 38. a4 Kd6 39. Ke3 Kc5 40. f3
Bc2 41. Kd2 Bxa4 42. Kd3 Bc6 43. g4 Bxf3 44. gxf5 Bg4 45. f6 Be6 0-1

[Event "AUTO-OPEN-3208"]
[Site "http://www.queenalice.com/game.php?id=1263699"]
[Date "2014.3.9"]
[Round "1"]
[White "balu"]
[Black "stamm"]
[Result "0-1"]
[WhiteElo "1756"]
[BlackElo "1906"]

1. e4 e5 2. Nf3 d6 3. Bc4 h6 4. d4 f6 5. dxe5 fxe5 6. b3 Qe7 7. Nc3 Be6 8. Bxe6
Qxe6 9. Nd5 Na6 10. O-O c6 11. Ne3 Nf6 12. Nc4 b6 13. a4 Be7 14. Nh4 O-O-O 15.
f3 Nxe4 16. fxe4 Bxh4 17. Ne3 g6 18. Qg4 Qxg4 19. Nxg4 Bg5 20. h3 Bxc1 21. Raxc1
g5 22. Rf7 Nc7 23. c4 Rd7 24. Rxd7 Kxd7 25. b4 Ke6 26. c5 dxc5 27. bxc5 b5 28.
axb5 Nxb5 29. Ra1 h5 30. Ne3 Rh7 31. Ra6 Nd4 32. Nc4 Rc7 33. Nd6 Ke7 34. Kf2 Ne6
35. Nf5+ Kd7 36. Kg3 Nxc5 37. Ra5 Nxe4+ 38. Kf3 Nd2+ 39. Ke2 Nc4 40. Rc5 Ke6 41.
Ng3 Nd6 42. Nxh5 Ne4 43. Rc4 Kd5 44. Ra4 Nc3+ 0-1

[Event "AUTO-OPEN-3208"]
[Site "http://www.queenalice.com/game.php?id=1263700"]
[Date "2014.3.9"]
[Round "1"]
[White "stamm"]
[Black "balu"]
[Result "1-0"]
[WhiteElo "1895"]
[BlackElo "1759"]

1. e4 e5 2. Nf3 f6 3. Bc4 c6 4. Nxe5 d5 5. exd5 cxd5 6. Bb5+ Nd7 7. Qh5+ Ke7 8.
Ng6+ hxg6 9. Qxh8 Nh6 10. O-O a6 11. Re1+ Ne5 12. Bf1 Bf5 13. d3 g5 14. d4 Qa5
15. c3 Rc8 16. dxe5 Kf7 17. exf6 Kxf6 18. Be3 Qc7 19. Bd4+ Kf7 20. Re5 Kg6 21.
Rxf5 Nxf5 22. Qh3 Nxd4 23. Bd3+ Kf7 24. Qh5+ Ke7 25. Qxg5+ Kd7 26. Qxd5+ Qd6 27.
Qxd4 Qxd4 28. cxd4 Rc1+ 29. Bf1 Kc6 30. g3 g5 31. Kg2 Bg7 32. d5+ Kxd5 33. Nc3+
1-0

[Event "AUTO-OPEN-3208"]
[Site "http://www.queenalice.com/game.php?id=1263711"]
[Date "2014.3.9"]
[Round "1"]
[White "Narizinho"]
[Black "stamm"]
[Result "0-1"]
[WhiteElo "1296"]
[BlackElo "1905"]

1. e4 e5 2. Nf3 d6 3. Nc3 Bg4 4. Be2 Nf6 5. O-O Nc6 6. d3 d5 7. exd5 Nxd5 8. Bg5
f6 9. Bd2 Nd4 10. b3 Bb4 11. Nxd5 Nxe2+ 12. Qxe2 Bxd2 13. Qxd2 Qxd5 0-1

[Event "AUTO-OPEN-3208"]
[Site "http://www.queenalice.com/game.php?id=1263712"]
[Date "2014.3.9"]
[Round "1"]
[White "stamm"]
[Black "Narizinho"]
[Result "1-0"]
[WhiteElo "1903"]
[BlackElo "1298"]

1. e4 e5 2. Nf3 Nf6 3. d3 Nc6 4. a3 Be7 5. h3 O-O 6. Be2 d6 7. Nc3 Bd7 8. O-O a6
9. Bg5 b5 10. d4 exd4 11. Nxd4 Nxd4 12. Qxd4 c6 13. e5 dxe5 14. Qxe5 1-0

[Event "AUTO-OPEN-3306"]
[Site "http://www.queenalice.com/game.php?id=1300478"]
[Date "2014.8.9"]
[Round "1"]
[White "rogervolei"]
[Black "stamm"]
[Result "0-1"]
[WhiteElo "1841"]
[BlackElo "1930"]

1. e3 e5 2. a3 Nf6 3. h3 d5 4. b4 a6 5. Bb2 e4 6. g3 Be7 7. f3 O-O 8. Qe2 Nc6 9.
b5 axb5 10. Qxb5 Ra5 11. Qe2 b6 12. d3 exd3 13. cxd3 Bd7 14. h4 Bc5 15. d4 Bd6
16. Bh3 Bxg3+ 17. Kd2 Re8 18. Bxd7 Qxd7 19. Rh3 Bd6 20. h5 h6 21. Nc3 Nxd4 22.
Qg2 Nb3+ 23. Kd3 Nxa1 0-1

[Event "AUTO-OPEN-3306"]
[Site "http://www.queenalice.com/game.php?id=1300479"]
[Date "2014.8.9"]
[Round "1"]
[White "stamm"]
[Black "rogervolei"]
[Result "0-1"]
[WhiteElo "1942"]
[BlackElo "1795"]

1. e4 a6 2. d3 h6 3. Nf3 e6 4. Be2 g5 5. h3 Bg7 6. c3 b5 7. O-O Bb7 8. Be3 d6 9.
Bd4 Bxd4 10. Nxd4 c5 11. Nf3 e5 12. Nbd2 h5 13. Nh2 Nf6 14. f3 d5 15. exd5 Nxd5
16. Rf2 Ne3 17. Qc1 Nf5 18. Nhf1 h4 19. Ne4 Bxe4 20. dxe4 Ng3 21. Nxg3 hxg3 22.
Rf1 O-O 23. Rd1 Qf6 24. Qe3 Rc8 25. Rd5 c4 26. Rad1 Rc6 27. Rd8+ Kg7 28. Qd2 Qf4
29. Qxf4 gxf4 30. R1d5 Kf6 31. Re8 Re6 32. Rdd8 a5 33. b3 Rb6 34. bxc4 bxc4 35.
Bxc4 Rb1+ 36. Bf1 Ra6 37. Rxb8 Ra1 38. Red8 Rc6 39. Rd2 Rxc3 40. Rb6+ Kg5 41.
Rd5 f6 42. Rd8 Rcc1 43. Rg8+ Kh5 44. Rh8+ Kg6 45. Rg8+ Kf7 0-1

[Event "AUTO-OPEN-3306"]
[Site "http://www.queenalice.com/game.php?id=1300504"]
[Date "2014.8.9"]
[Round "1"]
[White "TITAN10"]
[Black "stamm"]
[Result "1/2-1/2"]
[WhiteElo "1867"]
[BlackElo "1932"]

1. e4 e5 2. Nf3 d6 3. h3 Be7 4. Bc4 h6 5. d4 f6 6. Nh4 Kd7 7. Qg4+ f5 8. Qxf5+
Kc6 9. Bd5+ Kb6 10. Qf3 a6 11. Qb3+ Ka7 12. Nf3 c6 13. Bxg8 Rxg8 14. Be3 b6 15.
a4 Nd7 16. c4 Rb8 17. dxe5 dxe5 18. Nc3 Bd6 19. Rd1 Bc7 20. Qc2 Qe7 21. a5 Qb4
22. axb6+ Bxb6 23. Bxb6+ Rxb6 24. O-O Qxb2 25. Rc1 Qxc2 26. Rxc2 Re8 27. Rd1 Kb7
28. Ra1 Nc5 29. Na4 Nxa4 30. Rxa4 Rb1+ 31. Kh2 Ka7 32. Ra5 Kb6 33. Rxe5 Bd7 34.
Rxe8 Bxe8 35. Nh4 g6 36. Nf3 Kc5 37. Kg3 Rb4 38. Ne5 Kd4 39. f4 Rb3+ 40. Kh2
Kxe4 41. g3 g5 42. Re2+ Kf5 43. fxg5 hxg5 44. Nf3 Rxf3 45. Rxe8 Rf2+ 46. Kg1 Rc2
47. Rf8+ Kg6 48. Ra8 Rxc4 49. Rxa6 Kh5 50. Ra8 Kg6 51. Kg2 Kf5 52. Ra5+ Kg6 53.
Kf3 c5 54. g4 Kf6 55. Ra8 Kg7 56. Ra6 Rc3+ 57. Kg2 Rc1 58. Ra5 Kf6 59. Ra8 c4
60. Rf8+ Kg7 61. Rf5 Kg6 62. Rf2 Rb1 63. Rc2 Rb4 64. Rc3 Kf6 65. Kf2 Ke5 66. Rc1
Kd4 67. Rd1+ Kc5 68. Rd8 c3 69. Ke2 Kc4 70. Rc8+ Kb3 71. Kd3 Rf4 72. Rxc3+ Kb2
73. Rc2+ Kb1 74. Re2 Kc1 75. Rh2 Rf1 76. Ke4 Kd1 77. h4 Rf4+ 78. Ke3 Rxg4 79.
hxg5 1/2-1/2

[Event "AUTO-OPEN-3306"]
[Site "http://www.queenalice.com/game.php?id=1300505"]
[Date "2014.8.9"]
[Round "1"]
[White "stamm"]
[Black "TITAN10"]
[Result "1-0"]
[WhiteElo "1920"]
[BlackElo "1820"]

1. e4 c5 2. Be2 Nc6 3. Nf3 d6 4. h3 Nf6 5. Nc3 e6 6. d4 cxd4 7. Nxd4 Be7 8. Nxc6
bxc6 9. Qd3 O-O 10. Be3 Bb7 11. O-O-O Qc7 12. Bg5 Rad8 13. Bxf6 Bxf6 14. f3 e5
15. Kb1 Be7 16. a3 Ra8 17. Qc4 a5 18. a4 Ba6 19. Qa2 Bxe2 20. Nxe2 Rab8 21. b3
Rfd8 22. Rd3 Qb6 23. Rf1 d5 24. exd5 cxd5 25. f4 e4 26. Rdd1 Bf6 27. Nc1 d4 28.
Rd2 Rbc8 29. g3 Qb4 30. Rfd1 Rc3 31. Ne2 Rc4 32. c3 Qb8 33. cxd4 Rb4 34. Nc1
Bxd4 35. Qc2 f5 36. Ka2 Rc8 37. Qb1 Be3 38. Rc2 Rxc2+ 39. Qxc2 Bxc1 40. Rxc1 Rd4
41. Qc5 Rd2+ 42. Ka3 Qf8 43. Qxf8+ Kxf8 44. g4 g6 45. gxf5 gxf5 46. Rc5 Kg7 47.
Rxf5 e3 48. Re5 e2 49. h4 Kf6 50. h5 h6 51. b4 axb4+ 52. Kxb4 e1=Q 53. Rxe1 Rd4+
54. Kb5 Rxf4 55. a5 Kg5 56. Re5+ Kf6 57. Rc5 Rf1 58. Kb6 Rb1+ 59. Kc6 Ra1 60.
Kc7 Kf7 61. Kb6 1-0

[Event "AUTO-OPEN-3306"]
[Site "http://www.queenalice.com/game.php?id=1300520"]
[Date "2014.8.9"]
[Round "1"]
[White "bferrari2310"]
[Black "stamm"]
[Result "0-1"]
[WhiteElo "1701"]
[BlackElo "1916"]

1. c4 e6 2. d3 Be7 3. g3 d5 4. cxd5 Qxd5 5. Nf3 Bb4+ 6. Bd2 Bxd2+ 7. Qxd2 Nc6 8.
Bg2 Qd7 9. O-O Nf6 10. Nc3 O-O 11. Rac1 h6 12. Qc2 a6 0-1

[Event "AUTO-OPEN-3306"]
[Site "http://www.queenalice.com/game.php?id=1300521"]
[Date "2014.8.9"]
[Round "1"]
[White "stamm"]
[Black "bferrari2310"]
[Result "1-0"]
[WhiteElo "1923"]
[BlackElo "1694"]

1. e4 c5 2. Nf3 d6 3. Bb5+ Bd7 4. Bxd7+ Nxd7 5. O-O Ngf6 6. d3 g6 7. Nc3 Bg7 8.
h3 O-O 9. Bg5 Qc7 10. Bxf6 Bxf6 11. Qd2 Ne5 12. Nxe5 1-0

[Event "AUTO-OPEN-3306"]
[Site "http://www.queenalice.com/game.php?id=1357382"]
[Date "2015.5.4"]
[Round "2"]
[White "stamm"]
[Black "janeil"]
[Result "0-1"]
[WhiteElo "1929"]
[BlackElo "2511"]

1. e4 c5 2. Nf3 d6 3. d4 cxd4 4. Qxd4 Nc6 5. Qd2 g6 6. Bb5 Bg7 7. Bxc6+ bxc6 8.
O-O Nf6 9. Nc3 O-O 10. e5 Ng4 11. exd6 exd6 12. h3 Ne5 13. Nxe5 Bxe5 14. Ne2 Qb6
0-1

[Event "AUTO-OPEN-3306"]
[Site "http://www.queenalice.com/game.php?id=1357383"]
[Date "2015.5.4"]
[Round "2"]
[White "janeil"]
[Black "stamm"]
[Result "1-0"]
[WhiteElo "2512"]
[BlackElo "1927"]

1. e4 e5 2. Nf3 d6 3. d4 Nd7 4. Bc4 f6 5. O-O Qe7 6. Nc3 c6 7. a4 g5 8. dxe5
dxe5 9. a5 b5 10. axb6 Nxb6 11. Ba2 Be6 12. Qe2 a6 13. Bxe6 Qxe6 14. Rxa6 1-0